000 00711nam a2200229Ia 4500
003 OSt
005 20220923212708.0
006 a|||||r|||| 00| 0
007 ta
008 220922b |||||||| |||| 00| 0 hin d
024 _a155,355
037 _cTextual
040 _aARTS
_cARTS
_bhin
041 _2hin
_ahin
082 _aO15:2D20:11, 152H7
100 _aभास
_9159533
245 0 _aस्वप्नवासवदत्ता नाटक, अनु मैथिलीशरण गुप्त
246 _aSvapnavāsavadattā nāṭaka, anu0 maithilīsharaṇ gupta
260 _c1947
942 _hO15:2D20:11, 152H7
_cTEXL
_2CC
999 _c310894
_d310894